书目信息 |
| 题名: |
历代文选
|
|
| 作者: | 冯其庸 选注 | |
| 分册: | 上册 | |
| 出版信息: | 北京 中国青年出版社 1962 |
|
| 页数: | 407页 | |
| 开本: | 19cm | |
| 丛书名: | ||
| 单 册: | ||
| 中图分类: | I207.6 | |
| 科图分类: | ||
| 主题词: | 古典散文--中国--选集 , 文学--中国 | |
| 电子资源: | ||
| ISBN: | ||
| 000 | 00594nam0 2200229 45 | |
| 001 | 0178004425 | |
| 005 | 20060818110438.26 | |
| 010 | @dCNY1.15 | |
| 091 | @a10009.491 | |
| 100 | @a19950720e19781962em y0chiy0121 ea | |
| 101 | 0 | @achi |
| 102 | @aCN@b110000 | |
| 105 | @ay z 000cy | |
| 200 | 10 | @a历代文选@Ali dai wen xuan@h上册@f冯其庸等选注 |
| 210 | @a北京@c中国青年出版社@d1962@h1978重印 | |
| 215 | @a407页@d19cm | |
| 606 | @a古典散文@y中国@x选集 | |
| 606 | 0 | @a文学@x中国 |
| 690 | @aI207.6 | |
| 701 | 0 | @a冯其庸@Afeng qi yong@4选注 |
| 801 | 0 | @aCN@bNLC@c20060818 |
| 905 | @dI207.6@e1:1 | |
| 历代文选.上册/冯其庸等选注.-北京:中国青年出版社,1962(1978重印) |
| 407页;19cm |
| ISBN :CNY1.15 |
| ● |
| 相关链接 |
|
|
|
|
正题名:历代文选
索取号:I207.6/1:1
 
预约/预借
| 序号 | 登录号 | 条形码 | 馆藏地/架位号 | 状态 | 备注 |
| 1 | 0003252 | 000541471 | 第二借阅区/ [索取号:I207.6/1:1] | 在馆 | |
| 2 | 0003253 | 000541480 | 第一样本阅览室/ [索取号:I207.6/1:1] | 在馆 | |
| 3 | 0468245 | 204682450 | 密集书库/ [索取号:I207.6/1:1] | 在馆 | |
| 4 | 0468246 | 204682469 | 密集书库/ [索取号:I207.6/1:1] | 在馆 |